[Event "Hoogovens"]
[Site "Wijk aan Zee 59"]
[Date "1997.??.??"]
[Round "10"]
[White "Van Wely, Loek"]
[Black "Salov, Valery"]
[Result "0-1"]
[WhiteElo "2645"]
[BlackElo "2665"]
[Annotator "JvR"]
[PlyCount "138"]
[EventDate "1997.??.??"]
[EventCountry "NED"]

1. c4 c5 2. Nc3 Nf6 3. g3 d5 4. cxd5 Nxd5 5. Bg2 Nc7 6. Nf3 Nc6 7. O-O e5 8. d3
Be7 9. Nd2 O-O 10. Bxc6 bxc6 11. Nc4 f6 12. Be3 Bh3 13. Re1 Nd5 $5 14. Rc1 Rb8
15. Qd2 Be6 16. b3 Nxe3 17. Qxe3 Qd4 18. Na4 Bd5 19. Red1 Rfd8 20. Rc3 $5 h5
21. Rdc1 h4 22. Nd2 Rb5 $5 23. Nf3 Qxe3 24. fxe3 hxg3 25. hxg3 e4 $5 (25... Ra5
$1 26. e4 Be6 {nearly equalises.}) 26. dxe4 Bxe4 27. Nxc5 Bxf3 28. exf3 Rd2 {
Black has compensation for a pawn.} 29. a4 Rb8 30. Nd3 Ba3 31. Rb1 Rd8 32. Nf2
c5 $1 33. Kf1 Ra2 34. Nd3 Bb4 $1 35. Nxb4 cxb4 36. Rc4 Rdd2 37. Rxb4 Rf2+ 38.
Kg1 Rxf3 39. g4 Rxe3 {Black has the initiative.} 40. Rf1 a5 41. Rb8+ ({
Preferable is} 41. Rb5 $1 Rg3+ 42. Kh1 Rxg4 43. Rxa5) 41... Kf7 42. Rb7+ Kg6
43. Rf2 Ra3 {A critical position has been reached.} 44. g5 $2 (44. Rb5 $1 {
(Yudasin)} Rexb3 45. Rxa5 Rb4 46. g5 $1 fxg5 {draws.}) 44... Rexb3 $1 45. Rxb3
Rxb3 46. gxf6 gxf6 {Salov will win due to the extra pawn in the rook ending.}
47. Kg2 Rb4 48. Ra2 Kg5 49. Ra3 f5 50. Kf3 Re4 51. Ra1 Rh4 52. Kg3 Rb4 53. Ra3
Kf6 54. Kf3 Ke5 55. Re3+ Re4 $1 56. Ra3 Kd5 57. Kf2 Kc4 58. Rf3 f4 59. Ra3 Kb4
60. Ra1 Re3 61. Rd1 Rc3 62. Re1 Kxa4 63. Re4+ Kb3 64. Rxf4 a4 65. Rf8 a3 66.
Ke2 a2 67. Rb8+ Kc2 68. Ra8 Kb2 69. Kd2 Rb3 $1 {Salov had to work hard for his
wins.} 0-1

[Event "Hoogovens"]
[Site "Wijk aan Zee 59"]
[Date "1997.??.??"]
[Round "12"]
[White "Sokolov, Ivan"]
[Black "Salov, Valery"]
[Result "0-1"]
[WhiteElo "2615"]
[BlackElo "2665"]
[Annotator "JvR"]
[PlyCount "204"]
[EventDate "1997.??.??"]
[EventCountry "NED"]

1. d4 Nf6 2. c4 e6 3. Nf3 b6 4. Nc3 Bb7 5. Bg5 Be7 6. Qc2 h6 7. Bh4 c5 8. dxc5
bxc5 9. e3 d6 10. Be2 Nbd7 11. Rd1 O-O 12. O-O a6 13. Rd2 Qc7 14. Rfd1 Rfd8 15.
h3 Nf8 16. Nh2 Rd7 17. Bg3 Rad8 18. Bf3 Ng6 19. Bxb7 Qxb7 20. Nf3 d5 $1 21.
cxd5 Nxd5 22. Nxd5 Rxd5 23. b3 h5 24. Rxd5 Rxd5 25. Rxd5 exd5 26. Ne5 Nxe5 27.
Bxe5 Qd7 {Salov has equalised.} 28. Qb2 Bf8 29. h4 Qf5 30. g3 Qd3 $1 31. Bc3 f6
32. a3 $2 (32. b4 $1 c4 33. b5 $1 axb5 34. Qxb5 {draws.}) 32... Kf7 33. b4 c4
34. Qd2 Qxd2 35. Bxd2 Ke6 36. Kf1 g5 37. g4 $5 {White gives a pawn.} (37. Ke2
gxh4 38. gxh4 f5 39. f3 f4 $1 {also leads to problems.}) 37... hxg4 38. h5 f5
39. Bc3 f4 40. a4 Bh6 41. Bd4 Bf8 42. Bc3 Kf7 43. Kg2 Bg7 44. Bxg7 Kxg7 45. b5
axb5 46. axb5 fxe3 47. fxe3 c3 $1 48. b6 c2 49. b7 c1=Q 50. b8=Q Qc2+ $2 ({
Correct is} 50... Qxe3 $1 51. Qb7+ Kh6 52. Qxd5 Qh3+ {and wins.}) 51. Kg3 Qe4
52. Qb2+ Kh7 53. Qf2 $2 ({Right is} 53. Qf6 $1) 53... Qe6 54. Qf8 Qxe3+ 55.
Kxg4 Qg1+ 56. Kh3 Qh1+ 57. Kg3 Qh4+ 58. Kg2 Qg4+ 59. Kf2 Qe6 $1 {If the white
queen had gone to f6, this move had been prevented.} 60. Qd8 Qf5+ 61. Kg3 Qe5+
62. Kh3 d4 63. Qb6 Qe3+ 64. Kg2 Qe4+ 65. Kf2 d3 66. Qb2 Qf4+ 67. Kg2 Qd6 68.
Qb7+ Kh6 69. Qa8 Kxh5 70. Qh8+ Kg6 71. Qg8+ Kf6 72. Qh8+ Kf5 73. Qh7+ Ke5 74.
Qh8+ Ke4 75. Qh7+ Ke3 76. Qf5 Qf4 77. Qc5+ Ke2 78. Qb5 Qe4+ 79. Kg1 g4 80. Qa6
g3 81. Qc6 Qe3+ 82. Kg2 d2 $2 (82... Qf2+ $1 83. Kh3 g2 {wins for Black.}) 83.
Qb5+ Qd3 84. Qh5+ Ke3 85. Qh6+ Kd4 86. Qd6+ Kc3 87. Qa3+ Kc2 88. Qa2+ Kd1 89.
Qa1+ Ke2 90. Qf1+ $2 (90. Qe5+ $1 {draws by perpetual check.}) 90... Ke3 91.
Qf3+ Kd4 92. Qf6+ Kc5 $1 93. Qe7+ Kc4 94. Qc7+ Kb3 95. Qb6+ Kc2 96. Qc5+ Qc3 $1
97. Qf5+ Kb2 98. Qb5+ Kc1 99. Qg5 Qc4 100. Qh6 Qd5+ 101. Kxg3 Kc2 102. Qa6 Qd3+
{Salov caught up with the leader Piket in the penultimate round.} 0-1

[Event "Hoogovens"]
[Site "Wijk aan Zee 59"]
[Date "1997.??.??"]
[Round "13"]
[White "Salov, Valery"]
[Black "Kortschnoj, Viktor"]
[Result "1/2-1/2"]
[WhiteElo "2665"]
[BlackElo "2635"]
[Annotator "JvR"]
[PlyCount "161"]
[EventDate "1997.??.??"]
[EventCountry "NED"]

1. d4 Nf6 2. c4 e6 3. Nf3 d5 4. g3 dxc4 5. Qa4+ Nbd7 6. Bg2 a6 7. Qxc4 c5 8.
dxc5 Bxc5 9. O-O b5 10. Qh4 Bb7 11. Nc3 Rc8 12. Bg5 Qb6 13. Rad1 h6 14. Bxf6 $6
(14. Ne1 $6 {occurred in Schwarz - Blatny, Munich 1993.}) ({Better is} 14. e4
$1 O-O $5 15. Bxh6 $1 gxh6 16. e5 Bxf3 17. Bxf3 Nxe5 18. Qxf6 Nxf3+ 19. Qxf3
Bd4) 14... Nxf6 15. Rd3 O-O 16. Ne5 Bxg2 17. Kxg2 Rfd8 18. Rfd1 $2 (18. Rxd8+
Qxd8 19. Rd1 Qc7 20. Nd3 {lessens the pressure.}) 18... Rxd3 19. Nxd3 Bd4 20.
Nb1 e5 $1 21. Nd2 ({The pointe is} 21. e3 $2 Bxe3 $1 22. fxe3 Rc2+ 23. Nf2 Qxe3
24. Rf1 Ne4 {(Jacoby).}) 21... Rc2 $1 22. Qh3 $6 {Now the queen is offside
completely.} Qb7+ 23. Kg1 e4 24. Nb4 Rxb2 25. Nb3 e3 26. f3 Bb6 27. Rc1 Qd7 28.
Qxd7 Nxd7 29. Kf1 a5 30. Rd1 Nf6 31. Rd6 Bc7 32. Rc6 Bxg3 $5 33. hxg3 axb4 34.
Rc5 Rxa2 35. Rxb5 Rb2 $1 36. Nd4 ({Worse is} 36. Rxb4 $2 Nh5 $1 37. g4 Ng3+)
36... g6 37. g4 Kg7 38. Kg2 Rd2 39. Rxb4 Nd5 40. Rc4 Nf4+ 41. Kh2 ({Not} 41.
Kg3 $2 Rxd4 $1) 41... Kh7 42. Nf5 $5 gxf5 $2 ({Correct is} 42... Rxe2+ 43. Kg3
Ng2 $1 ({Kortschnoj miscalculated} 43... g5 $2 44. Rxf4 $1 gxf4+ 45. Kxf4 {and
did not play the line}) 44. Nd4 Rd2 {and Black wins (Jacoby).}) 43. Rxf4 Rxe2+
44. Kg3 Re1 45. Rxf5 Rg1+ 46. Kh2 e2 47. Kxg1 e1=Q+ {Piket has lost his game
about this time. Suddenly, Salov notices the impregnable fortress and
resulting draw!} 48. Kg2 Kg6 49. Rh5 Qe2+ 50. Kg3 Qf1 51. Kf4 Qe1 52. Rd5 Qc1+
53. Kg3 Qc7+ 54. Kg2 Qf4 55. Rh5 Kf6 56. Rd5 Ke6 57. Rh5 Qd2+ 58. Kg3 f6 59.
Rf5 Qc1 60. Rh5 Qg1+ 61. Kf4 Qe1 62. Rb5 Qc1+ 63. Kg3 Qg1+ 64. Kf4 Qh2+ 65. Ke3
Kf7 66. Rh5 Qg1+ 67. Kf4 Kg6 68. Rd5 Qh2+ 69. Ke3 Kf7 70. Rh5 Qg1+ 71. Kf4 Ke6
72. Rb5 Qh2+ 73. Ke3 Kd6 74. Rf5 Qb2 75. Rh5 Ke6 76. Kf4 Qc3 77. Kg3 Qc7+ 78.
Kg2 Qf7 79. Rb5 Qe8 80. Rf5 Qg6 81. Rb5 {Kortschnoj was not amused.   Salov
won by 81/2/13, half-a-point before Piket, Onischuk and Sokolov.} 1/2-1/2

[Event "Hoogovens"]
[Site "Wijk aan Zee 60"]
[Date "1998.??.??"]
[Round "1"]
[White "Kramnik, Vladimir"]
[Black "Piket, Jeroen"]
[Result "1-0"]
[WhiteElo "2790"]
[BlackElo "2575"]
[Annotator "JvR"]
[PlyCount "95"]
[EventDate "1998.??.??"]
[EventCountry "NED"]

{Several top ten players, except Kasparov, participated in the sixtieth
Hoogovens. It became a real super tournament. Kramnik and Anand competed for
the victory.} 1. Nf3 d5 2. d4 c6 3. c4 e6 4. Qc2 Nf6 5. e3 Nbd7 6. Nc3 Bd6 7.
Bd3 O-O 8. O-O dxc4 9. Bxc4 a6 10. Rd1 b5 11. Be2 Qc7 12. Ne4 Nxe4 13. Qxe4 e5
14. Qh4 h6 $5 ({Theory is} 14... Re8 {(Karpov - Anand, Lausanne 1998).}) 15.
Bd2 Re8 16. dxe5 Nxe5 17. Ba5 $1 Qb8 18. Rac1 Be6 $1 19. Nxe5 Bxe5 20. Rxc6
Bxb2 21. Bc7 $1 Qb7 $6 ({Preferable is} 21... Qa7 $1 22. Bf3 Bf6 23. Qg3 Rac8
24. Bb6 Qb8) 22. Bf3 Rac8 23. Qb4 Be5 $2 ({Right is} 23... Bf6 $1 24. Rxe6 Qxc7
25. Rxa6 Qc4 {(Kramnik).}) 24. Rcc1 Qxc7 {Piket has to give the queen.} 25.
Rxc7 Rxc7 26. Qa5 Rc2 27. Qxa6 Rb8 28. Be4 Rc4 29. Bd3 Ra4 30. Qc6 g6 31. f4
Bf6 32. f5 gxf5 33. Bxf5 Bxf5 34. Qxf6 Bg6 35. Rd2 Re4 36. h3 Rbe8 37. Qb6 b4
38. Rd4 Rxe3 39. Qxb4 h5 40. a4 Re1+ 41. Kh2 Ra1 42. Qb2 Rb1 43. Qa3 Kh7 44. a5
Ree1 45. Qf8 Rh1+ 46. Kg3 Rb5 47. Rd8 Rg5+ 48. Kf2 1-0

[Event "Hoogovens"]
[Site "Wijk aan Zee 60"]
[Date "1998.??.??"]
[Round "2"]
[White "Anand, Viswanathan"]
[Black "Van Wely, Loek"]
[Result "1-0"]
[WhiteElo "2770"]
[BlackElo "2605"]
[Annotator "JvR"]
[PlyCount "83"]
[EventDate "1998.??.??"]
[EventCountry "NED"]

1. Nf3 c5 2. c4 Nf6 3. Nc3 e6 4. g3 b6 5. Bg2 Bb7 6. O-O Be7 7. Re1 d5 8. cxd5
exd5 9. d4 O-O 10. Bf4 Nbd7 11. dxc5 Bxc5 $5 (11... bxc5 {occurred in Kramnik
- Ribli, Groningen 1993.}) 12. Nd4 Ne4 13. Nxe4 dxe4 {Black has equalised.} 14.
Qd2 Nf6 15. Red1 Qd5 16. b4 Be7 17. Qb2 Ng4 $5 18. f3 $1 Nf6 $5 ({Alright is} 
18... exf3 $1 19. exf3 Nf6) 19. Rac1 Rfd8 20. Bc7 $1 Rd7 $2 ({Right is} 20...
Re8 $1 21. Nc6 Qe6 {(Anand).}) 21. Bh3 $1 {Van Wely loses an exchange.} Rxc7
22. Rxc7 Bd6 23. Rcc1 Be5 24. Bg2 exf3 25. Bxf3 Qd7 26. Qd2 h5 27. Nc6 Qxd2 28.
Rxd2 Bxc6 29. Bxc6 Rc8 30. b5 h4 31. Rcd1 hxg3 32. Rd8+ Rxd8 33. Rxd8+ Kh7 34.
hxg3 Bxg3 35. Ra8 Bd6 36. Rxa7 Kg6 37. a4 Ng4 38. Be8 Ne5 39. a5 Bc5+ 40. Kh1
bxa5 41. Ra6+ Kf5 42. b6 1-0

[Event "Hoogovens"]
[Site "Wijk aan Zee 60"]
[Date "1998.??.??"]
[Round "3"]
[White "Salov, Valery"]
[Black "Anand, Viswanathan"]
[Result "0-1"]
[WhiteElo "2680"]
[BlackElo "2770"]
[Annotator "JvR"]
[PlyCount "96"]
[EventDate "1998.??.??"]
[EventCountry "NED"]

1. d4 d5 2. Nf3 Nf6 3. c4 c6 4. Nc3 e6 5. Bg5 h6 6. Bxf6 Qxf6 7. e3 Nd7 8. Bd3
dxc4 9. Bxc4 g6 10. O-O Bg7 11. Rc1 O-O 12. Bb3 Rd8 13. Qc2 Qe7 14. Rfd1 $5 b6
15. a3 Bb7 16. Ba2 a6 17. Nd2 $6 ({More active is} 17. Na4) 17... c5 $1 18. Nc4
cxd4 $1 19. exd4 b5 20. Na5 Nb6 21. Nxb7 Qxb7 22. Ne2 Rac8 23. Qd3 Qd7 24. Rxc8
Rxc8 25. Bb3 Nc4 26. Bxc4 Rxc4 {Anand plays against the isolated pawn.} 27. f4
$5 h5 28. Kf2 Bf6 29. g3 h4 $1 {He also advances on the kingside.} 30. Rd2 Qd5
31. Rd1 Kg7 32. b3 hxg3+ 33. hxg3 Rc8 34. Qf3 Qd6 35. b4 Rc4 36. Qd3 Qc7 37. d5
$1 exd5 38. Qxd5 Bb2 39. Rd3 Rc2 40. Kf3 Qc8 41. Re3 Qh3 42. Qd1 Qh5+ 43. Kf2
Qh2+ 44. Kf3 Rc8 45. Qb1 $2 (45. Re7 $1 Rh8 $5 46. Qb3 $1 {brings survival
chances.}) 45... Bc1 $1 46. Nxc1 $6 ({Or} 46. Rb3 $1 Qh1+ 47. Kf2 Rh8 $1 48.
Nxc1 Rh2+ 49. Ke3 Qe1+ 50. Kd4 Rh8 51. Qb2 Rd8+ 52. Kc5+ f6 53. Ne2 Qh1 $1)
46... Qh1+ 47. Kf2 Rxc1 48. Qd3 Rg1 0-1

[Event "Hoogovens"]
[Site "Wijk aan Zee 60"]
[Date "1998.??.??"]
[Round "4"]
[White "Kramnik, Vladimir"]
[Black "Gelfand, Boris"]
[Result "1-0"]
[WhiteElo "2790"]
[BlackElo "2675"]
[Annotator "JvR"]
[PlyCount "79"]
[EventDate "1998.??.??"]
[EventCountry "NED"]

1. Nf3 d5 2. d4 Bf5 3. c4 e6 4. Nc3 c6 5. Qb3 Qb6 6. c5 Qc7 7. Bf4 Qc8 8. Nh4
Bg6 9. Nxg6 hxg6 10. e4 Nf6 11. exd5 Nxd5 12. Nxd5 cxd5 13. Bb5+ $1 {Kramnik
plays a fine novelty.} Nc6 14. O-O-O Be7 15. h4 Kf8 16. Kb1 a6 17. Ba4 $5 Na5
$6 18. Qf3 b6 19. cxb6 Qb7 20. Rc1 $2 (20. h5 $1 g5 21. h6 $1 Qxb6 22. Be5 f6
23. Rh5 Nc4 24. Bb3 Nxe5 25. dxe5 {leads to a strong white attack (Hübner).})
20... Qxb6 21. Rc7 Rb8 $2 {Gelfand misses a chance.} (21... Rd8 $1 22. Rxe7
Kxe7 23. Qa3+ Rd6 {equalises (Schachwoche).}) 22. Qc3 Nc4 23. Rc6 Qxb2+ $5 24.
Qxb2 Rxb2+ 25. Ka1 $1 Kg8 26. Rxc4 $1 Rxf2 27. Rc8+ Kh7 28. Rxh8+ Kxh8 29. g3
Ba3 30. Rd1 Kg8 31. Rd3 Be7 32. Bc7 g5 33. hxg5 Bxg5 34. Kb1 Be7 35. Bc2 g5 36.
a4 f5 37. a5 Bf6 38. Bb6 f4 39. gxf4 gxf4 40. Rd1 {Kramnik had started with
four wins.} 1-0

[Event "Hoogovens"]
[Site "Wijk aan Zee 60"]
[Date "1998.??.??"]
[Round "5"]
[White "Shirov, Alexei"]
[Black "Kramnik, Vladimir"]
[Result "1-0"]
[WhiteElo "2710"]
[BlackElo "2790"]
[Annotator "JvR"]
[PlyCount "103"]
[EventDate "1998.??.??"]
[EventCountry "NED"]

1. e4 c5 2. Nf3 Nc6 3. d4 cxd4 4. Nxd4 Nf6 5. Nc3 d6 6. Bg5 e6 7. Qd2 a6 8.
O-O-O h6 9. Be3 Be7 10. f3 Nxd4 11. Bxd4 e5 12. Be3 Be6 13. Kb1 Rc8 14. h4 Qa5
15. a3 b5 16. g4 Rxc3 17. Qxc3 Qxc3 18. bxc3 d5 19. exd5 Nxd5 20. Bd2 O-O $6 (
20... Nb6 $1 {prevents the liberating move (Vodicka - Drbohlav, Czechia 1998).}
) 21. c4 $1 bxc4 22. Bxc4 Rb8+ 23. Bb3 Bxa3 24. Rhe1 f6 25. Re4 Bc5 26. Ra4 Nc7
$2 {Kramnik misses an opportunity.} ({Stronger is} 26... Ne3 $1 27. Bxe3 Bxb3
28. cxb3 Rxb3+ 29. Kc2 Rxe3 30. Rd3 Re2+) 27. Kb2 $1 Kh7 28. Be1 $1 Bd5 29. Rd3
Bc6 30. Rc4 $1 Ne6 31. Bf2 $1 Bb5 $6 ({Preferable is} 31... Bxf2 $1 32. Rxc6
Nc5 33. Rd5 {(Shirov).}) 32. Rxc5 Nxc5 33. Bxc5 Bxd3 34. cxd3 h5 35. Kc3 Rc8
36. Kb4 Rb8+ 37. Ka4 Kg6 38. Be6 Rh8 39. Bf2 Kh6 40. Ka5 hxg4 41. fxg4 g6 42.
g5+ $1 Kg7 ({Or} 42... fxg5 43. Be3 {(Shirov).}) 43. Kxa6 Rd8 44. Bc4 f5 45.
Kb7 e4 46. d4 $5 f4 47. d5 e3 48. Be1 f3 49. Kc7 $1 Rf8 50. d6 Rf4 51. Bc3+ Kh7
52. Bd3 {Anand caught up with Kramnik.} 1-0

[Event "Hoogovens"]
[Site "Wijk aan Zee 60"]
[Date "1998.??.??"]
[Round "6"]
[White "Polgar, Judit"]
[Black "Anand, Viswanathan"]
[Result "1-0"]
[WhiteElo "2670"]
[BlackElo "2770"]
[Annotator "JvR"]
[PlyCount "111"]
[EventDate "1998.??.??"]
[EventCountry "NED"]

1. e4 c5 2. Nf3 d6 3. d4 cxd4 4. Nxd4 Nf6 5. Nc3 a6 6. Be3 e5 7. Nf3 Be7 8. Bc4
O-O 9. O-O Be6 10. Qe2 b5 11. Bb3 Bxb3 $6 ({Theory is} 11... h6) 12. axb3 Nbd7
13. Rfd1 Qc7 14. Bg5 Rfc8 15. Ne1 {White overprotects c2.} Qb7 16. Bxf6 Nxf6
17. Nd5 {Polgár conquers d5.} Nxd5 18. Rxd5 Rc5 19. Rad1 Rxd5 20. Rxd5 Rc8 21.
c3 b4 $6 (21... f5 $1 {solves the problems.}) 22. c4 $1 g6 23. g3 Rc5 24. Rd1
$1 a5 25. Nc2 Kg7 26. Qd3 Rc6 27. Ne3 Qc8 28. Kg2 Qe6 29. Qe2 Bd8 30. Nd5 $1 {
Black has to play around a strong knight, but he is not lost until an error is
made.} Rc5 31. Qe3 Be7 32. Rd3 Bd8 33. Qd2 Rc6 34. Qd1 Kg8 35. h4 Kg7 36. h5
Bg5 37. Qf3 Rc8 38. Rd1 Rc6 39. Qe2 Rc8 40. Rh1 Kg8 41. f3 Rb8 42. Qf2 Rb7 $6 (
42... f5 {should be played at last.}) 43. hxg6 $1 fxg6 ({Not} 43... hxg6 $2 44.
Qg1 $1 f5 45. Qh2 $1 {(Polgár).}) 44. c5 $1 dxc5 45. Qxc5 Bd8 46. Rc1 Kf7 47.
Qe3 Kg7 48. Rc4 Rd7 49. Qc1 h5 50. Rc6 $1 Rd6 51. Rc8 Qd7 52. Qc5 Kh6 53. Rb8
$1 Bf6 54. Qe3+ Bg5 $2 {Anand collapses.} (54... Kg7 $1 55. Ra8 Qb5 56. Ra7+
Rd7 57. Rxd7+ Qxd7 58. Qb6 {(Polgár)} Qd8 $1 {grabs the last chance.}) 55. f4
$1 exf4 56. Rh8+ ({The pointe is} 56. Rh8+ Kg7 57. Qd4+ Bf6 58. Qxf6+ $1 Rxf6
59. Rh7+ $1) 1-0

[Event "Hoogovens"]
[Site "Wijk aan Zee 60"]
[Date "1998.??.??"]
[Round "7"]
[White "Salov, Valery"]
[Black "Karpov, Anatoly"]
[Result "1-0"]
[WhiteElo "2680"]
[BlackElo "2735"]
[Annotator "JvR"]
[PlyCount "63"]
[EventDate "1998.??.??"]
[EventCountry "NED"]

1. d4 Nf6 2. c4 e6 3. Nf3 b6 4. g3 Ba6 5. Nbd2 Bb7 6. Bg2 c5 7. e4 cxd4 8. O-O
d6 9. Nxd4 a6 10. Re1 Qc7 11. a4 Nc6 $5 12. Nxc6 Bxc6 13. a5 Rb8 $2 (13... Be7
$1 {loses no time.}) 14. axb6 Qxb6 15. Re3 $1 Nd7 ({Not} 15... Be7 $2 16. Rb3
Qc7 17. Rxb8+ Qxb8 18. e5 $1 {wins a pawn (Salov).}) 16. Rb3 Qa7 17. Rba3 Bb7
18. b4 Qb6 19. Qa4 $1 Be7 20. Bb2 Bf6 21. e5 $1 Bxe5 22. c5 Qc7 23. Bxe5 dxe5
24. Bxb7 Rxb7 25. c6 Nb6 26. Qxa6 Qxc6 27. Nc4 $1 Rb8 28. Nxb6 O-O ({Or} 28...
Qxb6 29. Qxb6 Rxb6 30. Ra8+ {and wins.}) 29. Nc4 Qe4 30. Re3 Qd5 31. Nxe5 Rfc8
32. Qd3 {Karpov was nearing the end of his career.} 1-0

[Event "Hoogovens"]
[Site "Wijk aan Zee 60"]
[Date "1998.??.??"]
[Round "8"]
[White "Adams, Michael"]
[Black "Timman, Jan"]
[Result "0-1"]
[WhiteElo "2670"]
[BlackElo "2635"]
[Annotator "JvR"]
[PlyCount "112"]
[EventDate "1998.??.??"]
[EventCountry "NED"]

1. e4 e5 2. Bc4 Nf6 3. d3 Bc5 4. Nc3 d6 5. Bg5 Be6 6. Bb3 Nc6 7. Na4 Bb4+ 8. c3
Ba5 9. Bxe6 fxe6 10. Ne2 O-O 11. O-O Qe8 12. b4 Bb6 13. Bd2 Nh5 14. b5 Ne7 15.
Nxb6 axb6 16. a4 Nf4 17. Nxf4 exf4 18. f3 e5 19. c4 Ng6 20. Qe1 Qf7 21. a5 bxa5
22. Bxa5 Rfd8 23. Rf2 Nf8 24. Rfa2 Ne6 25. Bc3 Rab8 $5 {Timman avoids a quick
draw.} 26. Ra7 g5 27. Qd1 Qg7 28. R7a2 h5 29. h3 Kf7 30. Rd2 g4 31. fxg4 hxg4
32. Qxg4 Qxg4 33. hxg4 Rg8 34. d4 exd4 35. Bxd4 Rxg4 36. b6 $6 ({Better is} 36.
Kf1 {(Timman).}) 36... c5 37. Bb2 f3 $1 38. Rf1 $2 ({Right is} 38. Rf2 $1 Ng5
39. Kf1 $1 {and White comes back in the game.}) 38... Ng5 39. e5 dxe5 40. Bxe5
Re8 41. Bh2 Kg6 42. Kh1 Ne4 43. Rc2 f2 44. g3 Rd8 45. Kg2 Rd3 46. Ra2 Rb3 47.
Ra8 Rxb6 48. Kh3 Rg5 49. Rg8+ Kf6 $1 50. Rf8+ Ke5 51. g4+ Kd4 52. Bf4 Rh6+ 53.
Kg2 Rxg4+ 54. Kf3 Rhh4 55. Rd1+ Kxc4 56. Rc1+ Kb3 0-1

[Event "Hoogovens"]
[Site "Wijk aan Zee 60"]
[Date "1998.??.??"]
[Round "9"]
[White "Topalov, Veselin"]
[Black "Karpov, Anatoly"]
[Result "1-0"]
[WhiteElo "2740"]
[BlackElo "2735"]
[Annotator "JvR"]
[PlyCount "99"]
[EventDate "1998.??.??"]
[EventCountry "NED"]

1. d4 d5 2. c4 e6 3. Nc3 Be7 4. cxd5 exd5 5. Bf4 c6 6. Qc2 g6 7. e3 Bf5 8. Qd2
Nf6 9. f3 h5 10. Bd3 Bxd3 11. Qxd3 Na6 12. Nge2 $5 Nc7 13. O-O Ne6 14. Be5 h4
15. Rae1 O-O 16. g4 hxg3 17. hxg3 Nd7 $1 18. Kg2 Nxe5 19. dxe5 Qd7 20. f4 f5 ({
More active is} 20... Nc5 $1 21. Qc2 Rae8) 21. g4 Rf7 $6 (21... Nc5 $1 22. Qc2
Kg7 {defends wisely.}) 22. Rh1 Bf8 23. gxf5 Nc5 24. Qd1 Qxf5 25. Nd4 Qd7 26.
Reg1 $5 Re8 27. Rh3 (27. Kf2 $1 Rxe5 28. Rxg6+ Bg7 29. Rxg7+ Kxg7 30. Qg1+ Kf8
31. Rh8+ Ke7 32. Qg8 Nd3+ 33. Kg1 Rxe3 34. Nf5+ $1 Rxf5 35. Rh7+ Kd6 36. Rxd7+
Kxd7 37. Qh7+ $1 Ke6 38. Qg6+ Rf6 39. Qe8+ {wins with elegance (Karpov).})
27... Ne6 28. Rgh1 Bg7 29. Qc2 Nf8 30. Nce2 Qe7 31. Nf3 Qb4 32. Rg3 c5 33. Nh4
Re6 34. Nc3 d4 35. Nd5 Qb5 ({The pointe is} 35... d3 36. Nxb4 dxc2 37. Nxc2 {
(Tsesarsky).}) 36. e4 c4 37. Nf3 d3 38. Qc3 Ra6 39. Nd4 Qc5 40. Rxd3 $1 Rxa2
41. Rdh3 b5 42. Nf3 Ne6 43. Kg3 b4 44. Qd2 Rf8 (44... c3 45. Qh2 Rxf4 $1 46.
Nxf4 Qe3 $1 47. Rh4 $1 g5 48. Rh8+ $1 {wins nicely for White.}) 45. Nf6+ Rxf6
46. exf6 Bxf6 47. e5 Bg7 48. Rh7 Qf8 49. Ng5 Ra6 (49... Nxg5 50. Qd5+ $1 Nf7
51. e6 $1 {wins by force (Topalov).}) 50. Rh8+ $1 {Toppy ends the game
magnificently.} (50. Rh8+ Bxh8 51. Rxh8+ Kxh8 52. Qh2+ Kg7 53. Qh7# {(Topalov).
}) 1-0

[Event "Hoogovens"]
[Site "Wijk aan Zee 60"]
[Date "1998.??.??"]
[Round "10"]
[White "Nijboer, Friso"]
[Black "Anand, Viswanathan"]
[Result "0-1"]
[WhiteElo "2580"]
[BlackElo "2770"]
[Annotator "JvR"]
[PlyCount "72"]
[EventDate "1998.??.??"]
[EventCountry "NED"]

1. e4 c5 2. Nf3 d6 3. d4 cxd4 4. Nxd4 Nf6 5. Nc3 Nc6 6. Bg5 e6 7. Qd2 Be7 8.
O-O-O O-O 9. f4 Nxd4 10. Qxd4 Qa5 11. Kb1 h6 12. h4 Rd8 13. Be2 Bd7 $1 ({Anand
improves on} 13... a6) 14. Qe3 ({Black survives in} 14. e5 $5 dxe5 15. fxe5 Bc6
16. Qf4 Rxd1+ 17. Bxd1 Qb4) 14... Rac8 $1 15. e5 $6 (15. g4 $1 Rxc3 $5 16. bxc3
Rc8 {brings an unclear position (Anand).}) 15... dxe5 16. fxe5 hxg5 $1 17. hxg5
$2 (17. exf6 $1 Bxf6 18. hxg5 Rxc3 $1 19. bxc3 $1 {gives a final chance.})
17... Rxc3 $1 18. Bd3 (18. bxc3 Nd5 19. Rxd5 exd5 {wins for Black (Anand).})
18... Rxd3 $1 {The desperado rook keeps on capturing.} 19. cxd3 ({Or} 19. Rxd3
Nh5 $1 20. Rxh5 Bc6 {(Anand).}) 19... Ng4 20. Qh3 Nh6 $1 21. gxh6 Qxe5 22. Rde1
Qg5 23. hxg7 Qxg7 24. Re3 Bg5 $6 ({Friso would have resigned after} 24... e5 $1
) 25. Rg3 f6 26. Qg4 $1 Kf7 $1 27. Qd4 Qg8 $1 28. Qe4 (28. Qxa7 Bc6 {also
favours Black.}) 28... Bc6 29. Rh7+ Ke8 30. Qh4 Qg6 31. Qh3 Rd6 $1 32. a3 Kd8
33. Ka1 Qf5 34. Qh1 Bd7 35. d4 Rc6 36. Qh2 e5 {Anand led on Kramnik.} 0-1

[Event "Hoogovens"]
[Site "Wijk aan Zee 60"]
[Date "1998.??.??"]
[Round "11"]
[White "Van der Sterren, Paul"]
[Black "Karpov, Anatoly"]
[Result "0-1"]
[WhiteElo "2550"]
[BlackElo "2735"]
[Annotator "JvR"]
[PlyCount "52"]
[EventDate "1998.??.??"]
[EventCountry "NED"]

1. d4 Nf6 2. c4 e6 3. Nf3 b6 4. g3 Ba6 5. b3 Bb4+ 6. Bd2 Be7 7. Bg2 c6 8. Bc3
d5 9. Ne5 Nfd7 10. Nxd7 Nxd7 11. Nd2 O-O 12. O-O Rc8 13. e4 c5 14. exd5 exd5
15. dxc5 dxc4 16. c6 cxb3 17. Re1 b2 18. Bxb2 Nc5 19. Qg4 Bf6 20. Bxf6 Qxf6 21.
Ne4 $2 ({Accurate is} 21. Qf3 Qxf3 22. Bxf3 {(Timoshenko-Bagaturov, Enakievo
1997).}) 21... Qxc6 22. Nxc5 Qxc5 23. Qa4 Bb5 24. Qxa7 Rc7 25. Bb7 Rxb7 $1 {
Anatoly sacrifices an exchange.} 26. Qxb7 Bc6 {White has no proper answer to
the threat of 27. .. Qd5.   Karpov ended on fifty percent, a meagre
performance.} 0-1

[Event "Hoogovens"]
[Site "Wijk aan Zee 60"]
[Date "1998.??.??"]
[Round "12"]
[White "Kramnik, Vladimir"]
[Black "Van der Sterren, Paul"]
[Result "1-0"]
[WhiteElo "2790"]
[BlackElo "2550"]
[Annotator "JvR"]
[PlyCount "63"]
[EventDate "1998.??.??"]
[EventCountry "NED"]

1. Nf3 Nf6 2. c4 e6 3. Nc3 d5 4. d4 c5 5. cxd5 Nxd5 6. e4 Nxc3 7. bxc3 cxd4 8.
cxd4 Bb4+ 9. Bd2 Bxd2+ 10. Qxd2 O-O 11. Rd1 b6 12. h4 Bb7 13. Bd3 Nc6 14. Bb1
Qd6 $5 15. O-O Rad8 16. Qg5 e5 17. d5 $1 f6 18. Qg3 Ne7 19. Bd3 Ng6 20. Rfe1
Nf4 21. Bf1 Rc8 22. Nd2 Kh8 $2 ({More action shows} 22... f5 $1) 23. Qb3 Rc5
24. g3 Ng6 25. Nc4 Qd7 26. Qa3 $1 {Black suffers by restriction.} Ra8 27. Rc1
h6 28. Ne3 Ra5 29. Qb2 Ne7 30. Kh2 Qd8 $2 ({Better is} 30... Rb8) 31. Nc4 $1
Rc5 32. Nxe5 $1 {Kramnik joined the lead with Anand.} ({The pointe is} 32. Nxe5
Rxc1 33. Nf7+ Kg8 34. Nxd8 Rxe1 35. Nxb7 Rxf1 36. Kg2 {(Khalifman).}) 1-0